000
00240nam a2200097Ia 4500
001
1211932
005
20250827024445.0
008
250824s9999 xx 000 0 und d
245
0
_a
SAFİYE SULTAN
_c
M. TURHAN TAN
260
_b
PANAMA YAYINLARI
999
_c
1211932
_d
1211932